01085nam a2200229 a 450000100060000000300090000600800410001504000280005608200180008410000400010224500450014226000600018730000090024750501840025659000940044065000380053465000450057265000560061794200120067399900170068595201530070222505CO-ViMGA141112s2004 ck r 000 u spa d aCO-ViMGAbspacCO-ViMGA04a351.841 B176c1 aBaron Leguizamón, Gilberto93195110aCuentas de salud de colombia 1993 - 2003 aBogotá : bMinisterio de la Proteccion Social, c2007 a246p aQue son las cuentas de la salud? 21 - 49 - - Financiacion del sistema colombiano de seguridad social en salud 53 - 66 - - Resultados de las cuentas de salud 1993 - 2003 89 - 128  aForma de adquisición : Donación - - Precio : 25.000 - - Fecha de adquisición : 200814aGASTOS PUBLICOS - COLOMBIA91995414aSALUD PUBLICA - COSTOS - COLOMBIA93195214aSISTEMA GENERAL DE SEGURIDAD SOCIAL EN SALUD931953 2ddccBK c30810d30810 01102ddc40708002aMEVIECARbMEVIECARd2015-12-04hVolumen. 1 | 11/jun/2009l0o351.841 B176c p22505r2015-12-04 00:00:00tEj. 1w2015-12-04yBK